000 00684cam a22002413a 4500
001 25201
003 PGUSA
005 20140828083537.0
008 080427s2008||||xxu|||||s|||||000 1 eng d
040 _aPGUSA
_beng
042 _adc
050 4 _aPZ
100 1 _aLeslie, Madeline,
_d1815-1893
245 1 4 _aThe Lost Kitty
_h[electronic resource] /
_cMadeline Leslie
260 _bProject Gutenberg,
_c2008
506 _aPublic domain in the USA.
516 _aElectronic text
653 _aChristian life -- Juvenile fiction
653 _aGratitude -- Juvenile fiction
830 0 _aProject Gutenberg
_v25201
856 4 0 _uhttp://www.gutenberg.org/ebooks/25201
942 _cEB
999 _c254456
_d254456